Evaluation of polycross seedlings of prepotent Hevea clones: Potential for yield improvement and drought tolerance (Record no. 58984)

MARC details
000 -LEADER
fixed length control field 00570nam a2200157Ia 4500
100 ## - MAIN ENTRY--AUTHOR NAME
Personal name Mercy M A
245 #0 - TITLE STATEMENT
Title Evaluation of polycross seedlings of prepotent Hevea clones: Potential for yield improvement and drought tolerance
260 ## - PUBLICATION, DISTRIBUTION, ETC. (IMPRINT)
Name of publisher PLACROSYM XIX, 7-10 December 2010, Kottayam. Climate Change. 19th Biennial Symposium on Plantation Crops. Abstracts.pp.40-42
650 ## - SUBJECT ADDED ENTRY--TOPICAL TERM
Topical Term Drought tolerance
650 ## - SUBJECT ADDED ENTRY--TOPICAL TERM
Topical Term Girth
650 ## - SUBJECT ADDED ENTRY--TOPICAL TERM
Topical Term Juvenile yield
650 ## - SUBJECT ADDED ENTRY--TOPICAL TERM
Topical Term Polycross seeds
700 ## - ADDED ENTRY--PERSONAL NAME
Personal name Mydin K K
942 ## - ADDED ENTRY ELEMENTS (KOHA)
Koha item type Journals
Holdings
Withdrawn status Lost status Damaged status Not for loan Home library Current library Shelving location Date acquired Koha item type
      Journals RRII Library RRII Library Botany 27/01/2011 Journals